| 000 | 00726nam a2200133Ia 4500 | ||
|---|---|---|---|
| 008 | 220620s9999||||xx |||||||||||||| ||und|| | ||
| 022 | _a0302-9743 / 1611-3349 | ||
| 100 | _aCarlos Aguirre||Roberto Araya||Paulina Jaure||Manuel Bahamondez||Patricio Calfucura | ||
| 245 | 0 | _aChapter: 'Social Facilitation Due to Online Inter-classrooms Tournaments' from book: Adaptive and Adaptable Learning: 11th European Conference on Technology Enhanced Learning, EC-TEL 2016, Lyon, France, September 13-16, 2016, Proceedings | |
| 546 | _aEnglish[eng] | ||
| 650 | _agamification||inclusion||engagement||motivation||game-based learning||learning||ICT | ||
| 856 | _uhttps://link.springer.com/chapter/10.1007/978-3-319-45153-4_2 | ||
| 942 | _cEB | ||
| 999 |
_c30414 _d30414 |
||